000 00449cam a22001097a 4500
008 180718b1960 xxu||||| |||| 00| 0 eng d
082 _aV431x54 In2c
245 _aAll about chambal valley development
_cby Central Water and Power Commission, Ministry of Irrigations& Power,India
260 _aDelhi
_bMinistry of infromation and Boardcasting
_c1960
300 _a86+P.
700 _aIndia. Ministry of Irrigation & Power.Central Water and Power Commission
999 _c424711
_d424711